[Event "Agneaux St Lo op-B 14th"]
[Site "Agneaux"]
[Date "2012.07.13"]
[Round "8.3"]
[White "Marcel, Valentin"]
[Black "Hutois, Mickael"]
[Result "1-0"]
[WhiteElo "2062"]
[BlackElo "2153"]
[PlyCount "87"]
[EventDate "2012.07.08"]
[EventType "swiss"]
[EventRounds "8"]
[EventCountry "FRA"]
[SourceTitle "EXT 2014"]
[Source "ChessBase"]
[SourceDate "2013.11.20"]
[SourceVersion "1"]
[SourceVersionDate "2013.11.20"]
[SourceQuality "1"]

1. e4 e5 2. Nf3 Nc6 3. d4 exd4 4. Nxd4 Bc5 5. Be3 Qf6 6. Nb5 Bxe3 7. fxe3 Kd8 8. N1c3 Nge7 9. Qd2 a6 10. Nd4 Qh4+ 11. g3 Qg5 12. 0-0-0 d6 13. Bc4 Ne5 14. Bb3 Bh3 15. Nce2 Kc8 16. Nf4 Bd7 17. Qc3 Kb8 18. Rhf1 Rc8 19. Nd5 c5 20. Nf3 Nxf3 21. Rxf3 c4 22. Bxc4 b5 23. Qd4 Rxc4 24. Qb6+ Kc8 25. Rxf7 Nxd5 26. Rxd5 Qd8 27. Qxd6 Rc7 28. Rf8 Kb7 29. Rxd8 Rxd8 30. c3 Re8 31. Re5 Rxe5 32. Qxe5 Bc6 33. Kc2 Kc8 34. Qd4 Rd7 35. Qe5 Kd8 36. Qe6 Kc7 37. b3 Bb7 38. c4 bxc4 39. bxc4 h6 40. Kc3 Rd6 41. Qe5 Kc6 42. Qxg7 Re6 43. Qd4 Kc7 44. e5 1-0